Former US State Capitals Quiz - Statistics

General Stats
  • This quiz has been taken 24 times
  • The average score is 15 of 40
Answer Stats
Capitals % Correct
Savannah
86%
Detroit
82%
New Orleans
77%
Philadelphia
77%
Huntsville
73%
Charlestown
68%
New Haven
68%
Augusta
64%
Tuscaloosa
64%
Portland
59%
Knoxville
55%
San Jose
55%
Iowa City
45%
New Castle
45%
Newport
45%
Wheeling
45%
Lancaster
36%
Kingston
32%
Williamsburg
32%
Bristol
27%
Murfreesboro
27%
Natchez
27%
Saint Charles
27%
Guthrie
23%
Milledgeville
23%
New Bern
23%
Zanesville
23%
Benicia
18%
Chillicothe
18%
Corydon
18%
Vallejo
18%
East Greenwich
18%
Exeter
18%
Kaskaskia
18%
Louisville
18%
South Kingstown
18%
Vandalia
18%
Windsor
18%
Cahawba
14%
Donaldsonville
14%
No matching quizzes found
Score Distribution
Percent of People with Each Score
Percentile by Number Answered
Your Score History
You have not taken this quiz